[Event "GER-chT U20"]
[Site "Osnabrueck"]
[Date "2012.12.30"]
[Round "7.4"]
[White "Faldum, Manfred"]
[Black "Wroblowski, Oliver"]
[Result "1/2-1/2"]
[WhiteElo "1822"]
[BlackElo "1955"]
[PlyCount "58"]
[EventDate "2012.12.27"]
[EventType "team-swiss"]
[EventRounds "7"]
[EventCountry "GER"]
[SourceTitle "EXT 2014"]
[Source "ChessBase"]
[SourceDate "2013.11.20"]
[SourceVersion "1"]
[SourceVersionDate "2013.11.20"]
[SourceQuality "1"]
[WhiteTeam "Heidesheim"]
[BlackTeam "Solingen"]
[WhiteTeamCountry "GER"]
[BlackTeamCountry "GER"]

1. e4 c5 2. Nf3 d6 3. d3 g6 4. g3 Bg7 5. Bg2 Nc6 6. 0-0 e5 7. Nc3 Nge7 8. Nd2 0-0 9. Nc4 Be6 10. a4 Rb8 11. Nd5 Nb4 12. Nce3 Nbxd5 13. exd5 Bd7 14. Nc4 Qc7 15. Bd2 Rbe8 16. Re1 b6 17. f4 f6 18. c3 Bc8 19. fxe5 fxe5 20. Bg5 Bf6 21. Bxf6 Rxf6 22. Qe2 Bb7 23. Ne3 Nf5 24. Rf1 Ref8 25. Be4 Nxe3 26. Qxe3 Rxf1+ 27. Rxf1 Rxf1+ 28. Kxf1 Qf7+ 29. Qf3 Qxf3+ 1/2-1/2

[Event "GER-chT U20"]
[Site "Osnabrueck"]
[Date "2012.12.29"]
[Round "5.4"]
[White "Beinke, Lukas"]
[Black "Wroblowski, Oliver"]
[Result "1/2-1/2"]
[WhiteElo "1866"]
[BlackElo "1955"]
[PlyCount "87"]
[EventDate "2012.12.27"]
[EventType "team-swiss"]
[EventRounds "7"]
[EventCountry "GER"]
[SourceTitle "EXT 2014"]
[Source "ChessBase"]
[SourceDate "2013.11.20"]
[SourceVersion "1"]
[SourceVersionDate "2013.11.20"]
[SourceQuality "1"]
[WhiteTeam "Hagen"]
[BlackTeam "Solingen"]
[WhiteTeamCountry "GER"]
[BlackTeamCountry "GER"]

1. e4 c5 2. Nf3 d6 3. c4 Nc6 4. d4 cxd4 5. Nxd4 g6 6. Be3 Bg7 7. Nc3 Nf6 8. Be2 Bd7 9. 0-0 0-0 10. Qd2 Ng4 11. Bxg4 Bxg4 12. f3 Be6 13. Nxe6 fxe6 14. Rad1 Qd7 15. c5 Rfd8 16. cxd6 exd6 17. Nb5 d5 18. exd5 exd5 19. Bg5 Re8 20. Qxd5+ Qxd5 21. Rxd5 Re2 22. Rfd1 Rxb2 23. Nc7 Rc8 24. Ne6 Re8 25. Nxg7 Kxg7 26. Rd7+ Kg8 27. R7d2 Re2 28. Rxe2 Rxe2 29. Rd2 Rxd2 30. Bxd2 b5 31. Kf2 Kf7 32. Ke3 Ke6 33. f4 Kd5 34. Kd3 h5 35. h3 Nd8 36. g4 hxg4 37. hxg4 Ne6 38. f5 gxf5 39. gxf5 Nc5+ 40. Kc2 Ne4 41. Bc3 Nxc3 42. Kxc3 a5 43. f6 Ke6 44. Kd4 1/2-1/2

[Event "GER-chT U20"]
[Site "Osnabrueck"]
[Date "2012.12.27"]
[Round "2.4"]
[White "Wroblowski, Oliver"]
[Black "Thren, Christian"]
[Result "1-0"]
[WhiteElo "1955"]
[BlackElo "1530"]
[PlyCount "53"]
[EventDate "2012.12.27"]
[EventType "team-swiss"]
[EventRounds "7"]
[EventCountry "GER"]
[SourceTitle "EXT 2014"]
[Source "ChessBase"]
[SourceDate "2013.11.20"]
[SourceVersion "1"]
[SourceVersionDate "2013.11.20"]
[SourceQuality "1"]
[WhiteTeam "Solingen"]
[BlackTeam "Heilbronn"]
[WhiteTeamCountry "GER"]
[BlackTeamCountry "GER"]

1. d4 Nf6 2. c4 e5 3. dxe5 Ng4 4. Bf4 Bc5 5. e3 h5 6. Nf3 Nc6 7. h3 Nh6 8. a3 a5 9. Nc3 Nf5 10. Ne4 Be7 11. Qd3 g6 12. Be2 Rg8 13. g4 hxg4 14. hxg4 Nh4 15. Nxh4 Bxh4 16. g5 Rh8 17. Bg3 Qe7 18. Rxh4 Rxh4 19. Bxh4 Qxe5 20. Nf6+ Kd8 21. 0-0-0 d6 22. f4 Qc5 23. Be1 Be6 24. Bc3 Kc8 25. Bd4 Nxd4 26. Qxd4 Qc6 27. Nd5 1-0

[Event "GER-chT U20"]
[Site "Osnabrueck"]
[Date "2011.12.30"]
[Round "7.4"]
[White "Wroblowski, Oliver"]
[Black "Mueller, Markus1111"]
[Result "1-0"]
[WhiteElo "1998"]
[BlackElo "1765"]
[PlyCount "99"]
[EventDate "2011.12.27"]
[EventType "team-swiss"]
[EventRounds "7"]
[EventCountry "GER"]
[SourceTitle "CBM 146 Extra"]
[Source "ChessBase"]
[SourceDate "2012.02.29"]
[SourceVersion "1"]
[SourceVersionDate "2012.02.29"]
[SourceQuality "1"]
[WhiteTeam "Solingen"]
[BlackTeam "Gernsheim"]
[WhiteTeamCountry "GER"]
[BlackTeamCountry "GER"]

1. d4 d5 2. c4 dxc4 3. e4 e5 4. Nf3 exd4 5. Bxc4 Be7 6. Qxd4 Qxd4 7. Nxd4 Bf6 8. Ne2 Nc6 9. Bb5 Bd7 10. Nbc3 Nge7 11. Be3 0-0-0 12. 0-0-0 Ne5 13. Bxd7+ Nxd7 14. f3 Nb6 15. b3 g6 16. Rxd8+ Rxd8 17. Rd1 Rxd1+ 18. Kxd1 Kd7 19. Kd2 Be5 20. f4 Bd6 21. Bxb6 axb6 22. g3 Bb4 23. Kd3 Bxc3 24. Nxc3 c6 25. e5 Nf5 26. Ne4 h5 27. h3 Kc7 28. g4 hxg4 29. hxg4 Ne7 30. Nf6 b5 31. b4 b6 32. Kd4 Kd8 33. a3 Kc7 34. Ne8+ Kd7 35. Nd6 Ke6 36. Ke4 Nd5 37. f5+ gxf5+ 38. gxf5+ Ke7 39. Nxb5 Kd7 40. Nd4 b5 41. Ne2 Ke7 42. Kd4 Kd7 43. Kc5 Ne3 44. Nd4 Nc4 45. Nxc6 Nxa3 46. Nd4 Nc4 47. e6+ fxe6 48. fxe6+ Ke7 49. Kxb5 Nd6+ 50. Kc6 1-0

[Event "GER-chT U20"]
[Site "Osnabrueck"]
[Date "2011.12.27"]
[Round "1.5"]
[White "Wroblowski, Oliver"]
[Black "Hempel, Kevin"]
[Result "1-0"]
[WhiteElo "1998"]
[BlackElo "1550"]
[PlyCount "81"]
[EventDate "2011.12.27"]
[EventType "team-swiss"]
[EventRounds "7"]
[EventCountry "GER"]
[SourceTitle "CBM 146 Extra"]
[Source "ChessBase"]
[SourceDate "2012.02.29"]
[SourceVersion "1"]
[SourceVersionDate "2012.02.29"]
[SourceQuality "1"]
[WhiteTeam "Solingen"]
[BlackTeam "Wilkau Hasslau Muldental"]
[WhiteTeamCountry "GER"]
[BlackTeamCountry "GER"]

1. d4 Nf6 2. c4 e5 3. dxe5 Ng4 4. Bf4 Nc6 5. Nf3 Bb4+ 6. Nc3 Qe7 7. Qd5 d6 8. exd6 cxd6 9. e3 Be6 10. Qd2 0-0 11. a3 Bxc3 12. Qxc3 d5 13. c5 Rfe8 14. h3 Nf6 15. Bg5 Ne4 16. Bxe7 Nxc3 17. Bh4 Ne4 18. Rc1 Bf5 19. Bb5 a6 20. Bxc6 bxc6 21. Nd4 Bd7 22. f3 Nf6 23. Bxf6 gxf6 24. Kd2 Re5 25. Ke2 Rae8 26. Rc3 f5 27. f4 Re4 28. Kf3 h5 29. g3 Kg7 30. b4 Rb8 31. Rb1 a5 32. b5 cxb5 33. c6 Be8 34. c7 Rc8 35. Nxf5+ Kf8 36. Nd6 Rxc7 37. Rxc7 Ra4 38. Rc8 Ke7 39. Rxe8+ Kxd6 40. Rxb5 Rxa3 41. Rd8+ 1-0

[Event "Dieren op"]
[Site "Dieren"]
[Date "2011.07.20"]
[Round "2"]
[White "Van Foreest, Jorden"]
[Black "Wroblowski, Oliver"]
[Result "1-0"]
[WhiteElo "2097"]
[BlackElo "2191"]
[PlyCount "87"]
[EventDate "2011.07.19"]
[EventType "swiss"]
[EventRounds "9"]
[EventCountry "NED"]
[SourceTitle "CBM 143 Extra"]
[Source "ChessBase"]
[SourceDate "2011.08.29"]
[SourceVersion "1"]
[SourceVersionDate "2011.08.29"]
[SourceQuality "1"]

1. e4 c5 2. Nf3 d6 3. d4 cxd4 4. Nxd4 Nf6 5. Nc3 Nc6 6. Be2 e5 7. Nb3 Be7 8. 0-0 0-0 9. Be3 Be6 10. f3 d5 11. exd5 Nxd5 12. Nxd5 Qxd5 13. Qxd5 Bxd5 14. c3 Rfd8 15. Rfd1 Be6 16. Bd3 b6 17. Be4 Rac8 18. f4 f6 19. Rxd8+ Bxd8 20. f5 Bf7 21. Rd1 Be8 22. Nd2 Be7 23. Bd5+ Kf8 24. Ne4 Rd8 25. Rd2 Nb8 26. c4 Na6 27. a3 Nc5 28. Nc3 Nb3 29. Rd1 Bc5 30. Bxc5+ bxc5 31. Rd3 a5 32. g4 Bc6 33. Ne4 Ba4 34. g5 fxg5 35. Nxg5 Ke7 36. Ne6 Rd7 37. Nxg7 Kf6 38. Ne6 Kxf5 39. Rf3+ Kg4 40. Re3 Kf5 41. Rf3+ Kg4 42. Rf6 h5 43. Bf3+ Kh3 44. Rh6 1-0

[Event "Solingen-ch"]
[Site "Solingen"]
[Date "2009.09.15"]
[Round "5"]
[White "Kniest, Oliver"]
[Black "Wroblowski, Oliver"]
[Result "1-0"]
[WhiteElo "2324"]
[BlackElo "1954"]
[PlyCount "47"]
[EventDate "2009.09.15"]
[EventType "swiss"]
[EventRounds "7"]
[EventCountry "GER"]
[SourceTitle "EXT 2011"]
[Source "ChessBase"]
[SourceDate "2010.11.26"]
[SourceVersion "1"]
[SourceVersionDate "2010.11.26"]
[SourceQuality "1"]

1. d4 d5 2. c4 e6 3. Nc3 Nf6 4. cxd5 exd5 5. Bg5 Be7 6. e3 0-0 7. Bd3 c6 8. Qc2 Nbd7 9. Nge2 Re8 10. 0-0 Nf8 11. f3 h6 12. Bh4 c5 13. Rad1 c4 14. Bf5 Be6 15. Bxe6 Nxe6 16. e4 dxe4 17. fxe4 g5 18. Bg3 Nh5 19. Nd5 Rc8 20. Qc3 Nhg7 21. Qf3 Rf8 22. e5 b5 23. Nec3 h5 24. Nxe7+ 1-0

[Event "Solingen-ch"]
[Site "Solingen"]
[Date "2009.09.15"]
[Round "4"]
[White "Wroblowski, Oliver"]
[Black "Fichtner, Ewald"]
[Result "1-0"]
[WhiteElo "1954"]
[BlackElo "1946"]
[PlyCount "157"]
[EventDate "2009.09.15"]
[EventType "swiss"]
[EventRounds "7"]
[EventCountry "GER"]
[SourceTitle "EXT 2011"]
[Source "ChessBase"]
[SourceDate "2010.11.26"]
[SourceVersion "1"]
[SourceVersionDate "2010.11.26"]
[SourceQuality "1"]

1. d4 d5 2. c4 c6 3. e3 Bf5 4. Qb3 Qc8 5. cxd5 cxd5 6. Na3 e6 7. Bd2 a6 8. Rc1 Nc6 9. Nf3 Qd7 10. Ne5 Nxe5 11. dxe5 Ne7 12. Be2 Nc6 13. Bc3 Be7 14. 0-0 0-0 15. Nc2 Bg6 16. f4 Rfc8 17. Nd4 Rc7 18. Nxc6 Rxc6 19. Bd4 Rac8 20. Rc3 h6 21. Rfc1 Rxc3 22. Rxc3 Rc6 23. Qa4 Rc7 24. Qxd7 Rxd7 25. Bb6 f6 26. Bd1 Bb4 27. Rc8+ Kh7 28. Ba4 Rf7 29. a3 Be7 30. Be8 Rf8 31. Bd7 Bf5 32. Rxf8 Bxf8 33. Bc8 fxe5 34. fxe5 Kg6 35. Bxb7 Bd3 36. b4 Kf5 37. Bd4 h5 38. Bc6 g5 39. Kf2 Be7 40. Be8 h4 41. Bh5 g4 42. h3 g3+ 43. Ke1 a5 44. bxa5 Bxa3 45. Bc3 Bc5 46. Kd2 Be4 47. Bg4+ Kg6 48. Ke2 Bxg2 49. Bd4 Bb4 50. a6 Be4 51. Kf1 Bd3+ 52. Be2 Bxa6 53. Bxa6 Kf5 54. Bd3+ Kg5 55. Be2 Kg6 56. Bf3 Be7 57. Ke2 Bg5 58. Kd3 Be7 59. e4 dxe4+ 60. Kxe4 Bg5 61. Kd3 Be7 62. Be3 Bd8 63. Ke4 Be7 64. Bg4 Kf7 65. Kd3 Bd8 66. Ke4 Be7 67. Kf4 Bd8 68. Bf3 Kg6 69. Kg4 Be7 70. Be4+ Kg7 71. Bg5 Bb4 72. Bxh4 Bc3 73. Bf6+ Kh6 74. Kxg3 Bd4 75. Kf3 Bc5 76. Ke2 Kh5 77. Kd3 Bf2 78. Kc4 Kh6 79. Kb5 1-0